Spell the Marvel Hero #139 - Statistics

General Stats
  • This quiz has been taken 16 times
  • The average score is 7 of 12
Answer Stats
Picture Answer % Correct
Black Panther
100%
Angel
75%
Lockjaw
75%
Iceman
67%
Yellowjacket
58%
Abigail Brand
50%
Energizer
50%
Lady Sif
50%
Rintrah
50%
Thunderstrike
50%
Beta-Ray Bill
42%
Bombshell
25%
No matching quizzes found
Score Distribution
Percent of People with Each Score
Percentile by Number Answered
Your Score History
You have not taken this quiz